000 00360nam a2200145Ia 4500
008 230312s9999||||xx |||||||||||||| ||und||
020 _a81-265-0832-7
082 _a620.1
_bMER-E
100 _aMeriam;J.L
245 0 _aEngineering Mechanics:Statics
260 _bWiley
_aIndia
_c2009
300 _a494
650 _aEngineering
_vAvionics/Mechanics
942 _cBK
999 _c9904
_d9904